000 00296nam a22001217a 4500
008 170713b xxu||||| |||| 00| 0 eng d
041 _aeng
080 _a101
100 _a24
101 _aFIL
245 _aLITERATURE AND PHILOSOPHICAL ESSAYS FRENCH GERMAN
_cELLIOT.DH.W
942 _2udc
_cBK
999 _c20577
_d20577